Eurnex - Žel 2006 14. medzinárodné sympózium "Ku konkurencieschopným železničným systémom v Európe" : zborník prednášok : 30.-31. máj 2006 Žilina, Slovenská republika, EÚ (2. diel)
| Corporate Author: | |
|---|---|
| Format: | Conference Proceeding Book |
| Language: | Slovak English Czech |
| PhysicalDescription: | 260 s. fotogr., grafy, mp., sch., tab. 21 cm |
| Published: |
V Žiline
Žilinská univerzita
2006
|
| ISBN: | 808070550X |
| Edition: | 1. vyd. |
| Subjects: |
MARC
| LEADER | 00000nam a2200000 a 4500 | ||
|---|---|---|---|
| 001 | vtls008885957 | ||
| 003 | SK-MaSNL | ||
| 005 | 20260302004859.0 | ||
| 008 | 160610s2006 xo odblf 100 0 slo | ||
| 015 | |a SNBA2007/01-00286 | ||
| 020 | |a 808070550X |q (brož.) | ||
| 035 | |a 79A50C94-52B8-4D41-9BDD-22A65AEAD0CB | ||
| 035 | |a urn:nbn:sk:snk-amldzd | ||
| 035 | |a urn:nbn:sk:snk-am008zkd | ||
| 040 | |a SNK |b slo |c SNK |e AACR2 | ||
| 041 | 0 | |a slo |a eng |a cze |b eng | |
| 043 | |a e------ | ||
| 044 | |a xo |c SK | ||
| 072 | 7 | |a 656.2 |x Železničná doprava |2 konspekt | |
| 080 | |a (4) |2 2001 | ||
| 080 | |a (062.534) |2 2001 | ||
| 080 | |a 656.2 |2 2001 | ||
| 111 | 2 | |a Eurnex - Žel |n (14. : |d 2006 : |c Žilina, Slovensko) |4 aut |9 473024 | |
| 245 | 1 | 0 | |a Eurnex - Žel 2006 |b 14. medzinárodné sympózium "Ku konkurencieschopným železničným systémom v Európe" : zborník prednášok : 30.-31. máj 2006 Žilina, Slovenská republika, EÚ |n (2. diel) |
| 246 | 3 | 0 | |a Ku konkurencieschopným železničným systémom v Európe |
| 250 | |a 1. vyd. | ||
| 260 | |a V Žiline |b Žilinská univerzita |c 2006 | ||
| 300 | |a 260 s. |b fotogr., grafy, mp., sch., tab. |c 21 cm | ||
| 366 | |e 180 výtl. | ||
| 500 | |a Ilustr. tit. strana | ||
| 504 | |a Bibliogr. odkazy | ||
| 546 | |a Čiast. text angl., čes. Res. angl. | ||
| 650 | 0 | 7 | |a železničná doprava |2 SNKPH |9 3185 |
| 651 | 7 | |a Európa |2 SNKPH |9 167569 | |
| 655 | 7 | |a zborníky konferencií |2 SNKPH |9 70153 | |
| 752 | |a Slovensko |d Žilina | ||
| 919 | |a 80-8070-550-X | ||
| 958 | |a OND | ||
| 958 | |a NB | ||
| 999 | |c 997549 |d 999479 | ||
| 952 | |a SNK |b SNK |y PREZ |7 0 |p 17A0531482 |o snkSC 125751/2 |i snk2006/25073 |8 0 |0 0 |1 0 |4 0 |d 2006-11-27 |f 1 |l 0 |r 2025-06-11 00:00:00 |w 2026-02-24 | ||
| 952 | |a SNK |b SNK |y VYP |7 0 |p 17A0531485 |o snkSC 125751/2 D1 |i snk2006/25074 |8 0 |0 0 |1 0 |4 0 |d 2006-11-27 |l 0 |r 2026-02-24 12:08:28 |w 2026-02-24 | ||


